LDR 00611naa#a2200193#i#450# 001 EN\INFRA-M\bibl\118278 005 20260430160045.4 011 ## _a2587-9111 100 ## _a20260417b2026####ek#y0engy0150####ca 102 ## _aRU 200 1# _aThe Investment Structural Transformation in the Russian Mechanical Engineering _eJournal article 210 1# _aMoscow _cINFRA-M Academic Publishing LLC. _d2026 215 ## _a4 с. 608 ## _aJournal article _2local 675 ## _aУправление экономикой. 338.24 _z 700 #1 _aLomovcev _gD. A. 700 #1 _aBobkov _gA. S. 700 #1 _aLomovcev _gP. D. 856 4# _anaukaru.ru _u